Les 10 aires urbaines les plus peuplées de chaque pays du G7 - Statistiques

Statistiques générales
  • Ce quiz a été pris 208 fois
  • Le résultat moyen est 45 sur 70
Statistiques - réponses
Group Hint 1 Réponse % Correct
France 13 064 617 Paris
98%
France 1 863 762 Marseille-Aix-en-Provence
97%
Allemagne 4 469 439 Berlin
96%
France 1 341 775 Bordeaux
94%
France 2 259 411 Lyon
94%
France 1 503 719 Lille
93%
Japon 42 796 714 Tokyo
93%
France 1 433 656 Toulouse
93%
Etats-Unis 22 589 036 New York
92%
Royaume-Uni 14 611 324 Londres
91%
Etats-Unis 18 711 436 Los Angeles
91%
France 997 222 Nantes
91%
Italie 4 340 474 Rome
91%
France 846 450 Strasbourg
91%
Italie 8 247 125 Milan
90%
Japon 19 777 590 Osaka-Kyoto-Kobé
90%
France 747 156 Rennes
89%
Allemagne 2 879 107 Munich
88%
Etats-Unis 9 825 325 Chicago
87%
Royaume-Uni 2 782 141 Manchester
87%
Italie 4 434 136 Naples
87%
Canada 6 555 205 Toronto
87%
Royaume-Uni 1 742 159 Liverpool
86%
Canada 4 364 189 Montréal
86%
Italie 2 282 197 Turin
85%
Allemagne 3 794 360 Francfort
83%
Etats-Unis 9 665 887 San Francisco-San José
83%
France 787 705 Montpellier
82%
Etats-Unis 9 814 928 Washington-Baltimore
82%
Allemagne 3 173 871 Hambourg
80%
Etats-Unis 6 889 936 Miami
80%
Canada 1 461 494 Ottawa-Gatineau
80%
Etats-Unis 8 287 710 Boston
77%
Canada 2 737 698 Vancouver
77%
Italie 1 271 406 Palerme
76%
Royaume-Uni 3 866 956 Birmingham
74%
Royaume-Uni 1 738 700 Glasgow
74%
Canada 832 328 Québec
74%
Etats-Unis 8 057 796 Dallas-Fort Worth
72%
Italie 1 558 434 Florence
72%
Etats-Unis 7 253 193 Houston
72%
Etats-Unis 7 209 620 Philadelphie
69%
Allemagne 2 996 440 Stuttgart
67%
Italie 1 005 831 Bologne
61%
Royaume-Uni 2 299 673 Leeds
60%
Italie 1 263 820 Bari
55%
Allemagne 1 178 658 Leipzig-Halle
53%
Canada 1 543 283 Calgary
48%
Japon 1 882 601 Hiroshima
48%
Japon 11 321 935 Nagoya
48%
Allemagne 1 157 624 Hanovre
47%
Allemagne 1 340 886 Nuremberg
47%
Royaume-Uni 1 650 900 Newcastle
46%
Italie 1 115 535 Catane
45%
Allemagne 10 642 890 Rhin-Rhur
45%
Canada 1 468 926 Edmonton
40%
Royaume-Uni 1 566 412 Sheffield
34%
Royaume-Uni 1 614 379 Nottingham-Derby
33%
Japon 2 622 978 Sapporo
33%
Canada 850 056 Winnipeg
28%
Allemagne 1 400 533 Mannheim
25%
Japon 4 293 873 Fukuoka-Kitakyushu
19%
Italie 1 264 105 Brescia
14%
Japon 1 749 503 Sendai
10%
Canada 593 882 Kitchener-Cambridge-Waterloo
9%
Canada 804 691 Hamilton
6%
Japon 1 305 335 Okayama
4%
Royaume-Uni 1 279 337 Derby
3%
Japon 1 621 685 Shizuoka
2%
Japon 1 234 889 Hamamatsu
1%
Aucun quiz correspondant
Distribution des résultats
% des personnes avec chaque résultat
Percentile par nombre de réponses
Votre historique - résultats
Vous n’avez pas pris ce quiz